000 00486 a2200157 4500
999 _c9010
_d9010
020 _a06307840
050 _aJA 76 SEG 1974
100 _aSegal. D.R
245 _aSociety and Politics
_bUniformity and Diversity In Modern Democracy
264 _aUnited States Of America
_bScott . Foreman and Company
_c1974
300 _bIncludes Bibliographical References
500 _aPolitical Sociology
650 _xPolitical Sociology
700 _aSegal . D. R
942 _2lcc
_cBK
_h76
_iSEG
_kJA